| 000 | 00661nam a22002537a 4500 | ||
|---|---|---|---|
| 001 | 32423 | ||
| 003 | UA-OsUOA | ||
| 005 | 20201021121505.0 | ||
| 007 | ta | ||
| 008 | 20050201b un ||||| |||| 00| 0 ukr d | ||
| 020 | _a5-7775-0500-7 | ||
| 040 |
_aUA-OsUOA _bukr _cUA-OsUOA _dUA-OsUOA |
||
| 041 | _aukr | ||
| 044 | _aUA | ||
| 080 | _a94(477).042 | ||
| 090 |
_a94(477).042 _bГ97 |
||
| 100 | _aГрушевський Михайло | ||
| 245 | _aПро батька козацького Богдана Хельницького | ||
| 260 |
_aДніропетровськ _bСіч _c1993 |
||
| 300 | _a55 с. | ||
| 650 | 7 | _2UDC | |
| 942 | _cBK | ||
| 955 | _a0 | ||
| 999 |
_c318866 _d318866 |
||